[Event "3rd FIDE WCCC Rapid U12 2019"]
[Site "Minsk"]
[Date "2019.08.17"]
[Round "6.5"]
[White "Saveljev, Ivan"]
[Black "Sahib Singh"]
[Result "1-0"]
[WhiteElo "2040"]
[BlackElo "1556"]
[Annotator "NA"]
[PlyCount "173"]
[EventDate "2019.08.16"]
[EventType "swiss"]
[EventCountry "BLR"]
[SourceTitle "playchess.com"]
[Source "ChessBase"]
[SourceQuality "1"]
[TimeControl "600+5"]

1. e4 {[%emt 0:00:00]} e6 {[%emt 0:00:00]} 2. d4 {[%emt 0:00:00]} d5 {[%emt 0:00:00]} 3. e5 {[%emt 0:00:00]} c5 {[%emt 0:00:00]} 4. c3 Nc6 5. Nf3 Qb6 6. a3 {[%emt 0:00:03]} a5 {[%emt 0:00:00]} 7. Bd3 {[%emt 0:00:32]} cxd4 {[%emt 0:00:09]} 8. cxd4 {[%emt 0:00:01]} Nge7 {[%emt 0:00:17]} 9. O-O {[%emt 0:00:18]} Nf5 {[%emt 0:00:02]} 10. Bxf5 {[%emt 0:01:05]} exf5 {[%emt 0:00:01]} 11. Nc3 {[%emt 0:00:54]} Be6 {[%emt 0:00:01]} 12. Qd3 {[%emt 0:01:04]} Be7 {[%emt 0:00:11]} 13. Be3 {[%emt 0:00:38]} O-O {[%emt 0:00:07]} 14. Na4 {[%emt 0:00:27]} Qd8 {[%emt 0:00:39]} 15. Rac1 {[%emt 0:00:16]} Rc8 {[%emt 0:00:23]} 16. Qb5 {[%emt 0:00:23]} Rc7 {[%emt 0:01:10]} 17. Nb6 {[%emt 0:00:53]} Na7 {[%emt 0:00:29]} 18. Qb3 {[%emt 0:01:12]} Rc6 {[%emt 0:00:44]} 19. Na4 {[%emt 0:01:12]} Qc7 {[%emt 0:00:40]} 20. Rxc6 bxc6 {[%emt 0:00:02]} 21. Qc2 {[%emt 0:00:36]} h6 {[%emt 0:00:38]} 22. Rc1 {[%emt 0:00:26]} g5 {[%emt 0:00:08]} 23. g3 {[%emt 0:00:04]} f6 {[%emt 0:00:18]} 24. Nc5 Bxc5 {[%emt 0:00:02]} 25. Qxc5 {[%emt 0:00:34]} Qg7 {[%emt 0:00:52]} 26. Qc3 {[%emt 0:01:15]} f4 {[%emt 0:00:26]} 27. Bd2 {[%emt 0:00:05]} Bg4 {[%emt 0:00:14]} 28. exf6 {[%emt 0:00:07]} Rxf6 {[%emt 0:00:03]} 29. Ne5 {[%emt 0:00:01]} Bh3 {[%emt 0:00:17]} 30. g4 {[%emt 0:00:11]} f3 {[%emt 0:00:01]} 31. Nxf3 {[%emt 0:00:09]} Bxg4 {[%emt 0:00:02]} 32. Ne5 {[%emt 0:00:01]} Bh5 {[%emt 0:00:10]} 33. Qg3 {[%emt 0:00:03]} Kh7 {[%emt 0:00:13]} 34. Bxa5 {[%emt 0:00:05]} Nb5 {[%emt 0:00:02]} 35. Bc3 {[%emt 0:00:05]} Nd6 {[%emt 0:00:03]} 36. f3 {[%emt 0:00:05]} Nf5 {[%emt 0:00:04]} 37. Qh3 {[%emt 0:00:04]} Nh4 {[%emt 0:00:02]} 38. Rf1 {[%emt 0:00:02]} Qf8 {[%emt 0:00:21]} 39. Nd7 {[%emt 0:00:03]} Qd6 {[%emt 0:00:17]} 40. Nxf6+ {[%emt 0:00:01]} Qxf6 {[%emt 0:00:01]} 41. Qd7+ {[%emt 0:00:05]} Bf7 {[%emt 0:00:08]} 42. Qh3 {[%emt 0:00:09]} Bh5 {[%emt 0:00:10]} 43. Qd7+ {[%emt 0:00:13]} Bf7 {[%emt 0:00:01]} 44. Qg4 {[%emt 0:00:04]} Be6 {[%emt 0:00:05]} 45. Qg3 {[%emt 0:00:01]} Ng6 {[%emt 0:00:10]} 46. Bd2 {[%emt 0:00:03]} Qxd4+ {[%emt 0:00:01]} 47. Qf2 {[%emt 0:00:01]} Qf6 {[%emt 0:00:06]} 48. f4 {[%emt 0:00:03]} Qf5 {[%emt 0:00:31]} 49. fxg5 {[%emt 0:00:10]} Qg4+ {[%emt 0:00:00]} 50. Qg3 {[%emt 0:00:02]} Qd4+ {[%emt 0:00:02]} 51. Be3 {[%emt 0:00:01]} Qg4 {[%emt 0:00:06]} 52. Qxg4 {[%emt 0:00:02]} Bxg4 {[%emt 0:00:01]} 53. gxh6 {[%emt 0:00:03]} Ne5 {[%emt 0:00:01]} 54. Kg2 {[%emt 0:00:06]} Nc4 {[%emt 0:00:02]} 55. Bc1 {[%emt 0:00:06]} Kg6 {[%emt 0:00:07]} 56. Kg3 {[%emt 0:00:06]} Be6 {[%emt 0:00:08]} 57. b3 {[%emt 0:00:02]} Nd6 {[%emt 0:00:02]} 58. h4 {[%emt 0:00:22]} Nf5+ {[%emt 0:00:03]} 59. Kf4 {[%emt 0:00:01]} Nxh4 {[%emt 0:00:16]} 60. Ke5 {[%emt 0:00:05]} Bh3 {[%emt 0:00:13]} 61. h7 {[%emt 0:00:11]} Kg7 {[%emt 0:00:26]} 62. h8=Q+ {[%emt 0:00:05]} Kxh8 {[%emt 0:00:01]} 63. Rh1 {[%emt 0:00:01]} Nf3+ {[%emt 0:00:09]} 64. Kf4 {[%emt 0:00:01]} Kg7 {[%emt 0:00:05]} 65. Kxf3 {[%emt 0:00:03]} Bf5 {[%emt 0:00:00]} 66. Bb2+ {[%emt 0:00:00]} Kf7 {[%emt 0:00:01]} 67. Kf4 {[%emt 0:00:02]} Be4 {[%emt 0:00:03]} 68. Re1 {[%emt 0:00:01]} Bg6 {[%emt 0:00:01]} 69. b4 {[%emt 0:00:01]} Bh5 {[%emt 0:00:02]} 70. Rc1 {[%emt 0:00:03]} Ke6 {[%emt 0:00:01]} 71. Rxc6+ {[%emt 0:00:02]} Kd7 {[%emt 0:00:01]} 72. Rh6 {[%emt 0:00:02]} Be8 {[%emt 0:00:01]} 73. Ke5 {[%emt 0:00:01]} Kc8 {[%emt 0:00:01]} 74. Kxd5 {[%emt 0:00:03]} Bf7+ {[%emt 0:00:01]} 75. Kd6 {[%emt 0:00:02]} Bc4 {[%emt 0:00:01]} 76. a4 {[%emt 0:00:06]} Kb7 {[%emt 0:00:00]} 77. Kc5 {[%emt 0:00:02]} Bf7 {[%emt 0:00:02]} 78. Rh7 {[%emt 0:00:02]} Ka6 {[%emt 0:00:01]} 79. b5+ {[%emt 0:00:02]} Ka5 {[%emt 0:00:01]} 80. Rxf7 {[%emt 0:00:03]} Kxa4 {[%emt 0:00:01]} 81. b6 {[%emt 0:00:01]} Kb3 {[%emt 0:00:01]} 82. b7 {[%emt 0:00:02]} Kxb2 {[%emt 0:00:02]} 83. b8=Q+ {[%emt 0:00:02]} Kc3 {[%emt 0:00:01]} 84. Qb4+ {[%emt 0:00:01]} Kd3 85. Qd4+ {[%emt 0:00:03]} Ke2 {[%emt 0:00:03]} 86. Rf2+ {[%emt 0:00:01]} Ke1 {[%emt 0:00:00]} 87. Qd2# {[%emt 0:00:01]} 1-0

[Event "3rd FIDE WCCC Rapid U12 2019"]
[Site "Minsk"]
[Date "2019.08.17"]
[Round "6.6"]
[White "Sidletskyi, Ivan"]
[Black "Sapenov, Daniyal"]
[Result "1-0"]
[WhiteElo "1986"]
[BlackElo "1612"]
[Annotator "NA"]
[PlyCount "105"]
[EventDate "2019.08.16"]
[EventType "swiss"]
[EventCountry "BLR"]
[SourceTitle "playchess.com"]
[Source "ChessBase"]
[SourceQuality "1"]
[TimeControl "600+5"]

1. e4 {[%emt 0:00:00]} e5 {[%emt 0:00:00]} 2. Bc4 {[%emt 0:00:00]} Nf6 {[%emt 0:00:00]} 3. Nc3 {[%emt 0:00:01]} Bc5 {[%emt 0:00:05]} 4. d3 {[%emt 0:00:03]} d6 {[%emt 0:00:04]} 5. Be3 {[%emt 0:00:12]} Bb6 {[%emt 0:00:15]} 6. Bxb6 {[%emt 0:00:03]} axb6 {[%emt 0:00:01]} 7. Nge2 {[%emt 0:00:02]} O-O {[%emt 0:00:22]} 8. O-O {[%emt 0:00:11]} Be6 {[%emt 0:00:06]} 9. f4 {[%emt 0:00:37]} Bxc4 {[%emt 0:00:06]} 10. dxc4 {[%emt 0:00:03]} exf4 {[%emt 0:00:13]} 11. Rxf4 {[%emt 0:00:14]} Nbd7 {[%emt 0:00:08]} 12. Ng3 {[%emt 0:00:23]} Ne5 {[%emt 0:00:36]} 13. Qe2 {[%emt 0:00:04]} Ng6 {[%emt 0:00:44]} 14. Rf2 {[%emt 0:00:36]} Nd7 {[%emt 0:00:18]} 15. Raf1 {[%emt 0:00:36]} Nde5 {[%emt 0:00:08]} 16. b3 {[%emt 0:00:40]} Qd7 {[%emt 0:00:57]} 17. Nf5 {[%emt 0:00:18]} f6 {[%emt 0:00:23]} 18. h4 {[%emt 0:00:28]} Ne7 {[%emt 0:00:10]} 19. Nxe7+ {[%emt 0:00:33]} Qxe7 {[%emt 0:00:02]} 20. h5 {[%emt 0:00:42]} h6 {[%emt 0:00:03]} 21. Rf5 {[%emt 0:00:29]} Qd7 {[%emt 0:00:37]} 22. Qf2 {[%emt 0:00:25]} Kh8 {[%emt 0:00:18]} 23. a4 {[%emt 0:00:17]} Rae8 {[%emt 0:00:16]} 24. Nd5 {[%emt 0:00:31]} Rf7 {[%emt 0:01:03]} 25. Qg3 {[%emt 0:00:46]} Rg8 {[%emt 0:00:31]} 26. Qe3 {[%emt 0:00:47]} Rgf8 {[%emt 0:01:53]} 27. Nf4 {[%emt 0:00:12]} Kg8 {[%emt 0:01:22]} 28. Qg3 {[%emt 0:00:15]} Kh8 {[%emt 0:00:39]} 29. Kh1 {[%emt 0:00:51]} Re7 {[%emt 0:00:23]} 30. Nd5 {[%emt 0:00:03]} Ref7 {[%emt 0:00:02]} 31. R5f4 {[%emt 0:00:10]} Kh7 {[%emt 0:00:20]} 32. Rf5 {[%emt 0:00:19]} Kh8 {[%emt 0:00:02]} 33. Qe3 {[%emt 0:00:12]} Kh7 {[%emt 0:00:08]} 34. Qe2 {[%emt 0:00:12]} Kh8 {[%emt 0:00:04]} 35. Ra1 {[%emt 0:00:24]} Ra8 {[%emt 0:00:09]} 36. c3 {[%emt 0:00:16]} Qd8 {[%emt 0:00:07]} 37. b4 {[%emt 0:00:16]} c6 {[%emt 0:00:01]} 38. Nf4 {[%emt 0:00:03]} Qe7 {[%emt 0:00:07]} 39. Rxe5 {[%emt 0:00:07]} Qxe5 {[%emt 0:00:11]} 40. Ng6+ {[%emt 0:00:01]} Kh7 {[%emt 0:00:01]} 41. Nxe5 {[%emt 0:00:01]} fxe5 {[%emt 0:00:01]} 42. Rf1 {[%emt 0:00:05]} Raf8 {[%emt 0:00:00]} 43. Rxf7 {[%emt 0:00:03]} Rxf7 {[%emt 0:00:01]} 44. c5 {[%emt 0:00:09]} dxc5 {[%emt 0:00:04]} 45. bxc5 {[%emt 0:00:01]} bxc5 {[%emt 0:00:00]} 46. Qc4 {[%emt 0:00:04]} Rf4 {[%emt 0:00:02]} 47. g3 {[%emt 0:00:11]} Rg4 {[%emt 0:00:08]} 48. Kg2 {[%emt 0:00:03]} b6 {[%emt 0:00:10]} 49. Kf3 {[%emt 0:00:02]} Rg5 {[%emt 0:00:03]} 50. g4 {[%emt 0:00:01]} g6 {[%emt 0:00:01]} 51. Qf7+ {[%emt 0:00:03]} Kh8 {[%emt 0:00:02]} 52. hxg6 {[%emt 0:00:02]} h5 {[%emt 0:00:00]} 53. Qf8# {[%emt 0:00:02]} 1-0

[Event "3rd FIDE WCCC Rapid U12 2019"]
[Site "Minsk"]
[Date "2019.08.17"]
[Round "7.1"]
[White "Cherniaiev, Tykhon"]
[Black "Strybuk, Artsiom I"]
[Result "1/2-1/2"]
[WhiteElo "2112"]
[BlackElo "2200"]
[Annotator "ChessBase"]
[PlyCount "50"]
[EventDate "2019.08.16"]
[EventType "swiss"]
[EventCountry "BLR"]
[SourceTitle "playchess.com"]
[Source "ChessBase"]
[SourceQuality "1"]
[TimeControl "600+5"]

1. e4 {[%emt 0:00:00]} e5 {[%emt 0:00:00]} 2. Nf3 {[%emt 0:00:01]} Nc6 {[%emt 0:00:00]} 3. Bc4 {[%emt 0:00:06]} Bc5 {[%emt 0:00:00]} 4. c3 {[%emt 0:00:04]} Nf6 {[%emt 0:00:00]} 5. d3 {[%emt 0:00:05]} O-O {[%emt 0:00:03]} 6. O-O {[%emt 0:00:03]} d6 {[%emt 0:00:02]} 7. Bg5 {[%emt 0:00:10]} h6 {[%emt 0:00:33]} 8. Bh4 {[%emt 0:00:02]} g5 {[%emt 0:00:35]} 9. Bg3 {[%emt 0:00:05]} Bb6 {[%emt 0:00:54]} 10. Nbd2 {[%emt 0:00:29]} Bg4 {[%emt 0:00:23]} 11. Re1 {[%emt 0:01:47]} Nh5 {[%emt 0:00:57]} 12. Nf1 {[%emt 0:00:40]} Qf6 {[%emt 0:00:19]} 13. Ne3 {[%emt 0:00:57]} Bxf3 {[%emt 0:00:29]} 14. Qxf3 {[%emt 0:00:05]} Qxf3 {[%emt 0:00:19]} 15. gxf3 {[%emt 0:00:03]} Ne7 {[%emt 0:00:32]} 16. Rad1 {[%emt 0:00:57]} Kg7 {[%emt 0:00:38]} 17. d4 {[%emt 0:00:15]} f6 {[%emt 0:00:29]} 18. Be6 {[%emt 0:00:49]} Rh8 {[%emt 0:00:29]} 19. Bg4 {[%emt 0:00:29]} Kg6 {[%emt 0:01:22]} 20. Nf5 {[%emt 0:00:08]} Rh7 {[%emt 0:01:01]} 21. Kg2 {[%emt 0:00:59]} Nxg3 {[%emt 0:00:04]} 22. Nxe7+ {[%emt 0:00:07]} Rxe7 {[%emt 0:00:07]} 23. hxg3 {[%emt 0:00:08]} Kg7 {[%emt 0:00:25]} 24. Bf5 {[%emt 0:00:21]} Rd8 {[%emt 0:00:04]} 25. f4 {[%emt 0:00:24]} exf4 {[%emt 0:00:37]} 1/2-1/2

[Event "3rd FIDE WCCC Rapid U12 2019"]
[Site "Minsk"]
[Date "2019.08.17"]
[Round "7.2"]
[White "Brozka, Karel"]
[Black "Pidluznij, Gleb"]
[Result "0-1"]
[WhiteElo "1952"]
[BlackElo "1947"]
[Annotator "NA"]
[PlyCount "174"]
[EventDate "2019.08.16"]
[EventType "swiss"]
[EventCountry "BLR"]
[SourceTitle "playchess.com"]
[Source "ChessBase"]
[SourceQuality "1"]
[TimeControl "600+5"]

1. d4 {[%emt 0:00:00]} Nf6 {[%emt 0:00:00]} 2. Nf3 {[%emt 0:00:00]} g6 {[%emt 0:00:00]} 3. c4 {[%emt 0:00:15]} Bg7 {[%emt 0:00:01]} 4. Nc3 {[%emt 0:00:02]} O-O {[%emt 0:00:02]} 5. Bg5 {[%emt 0:00:07]} d6 {[%emt 0:00:11]} 6. e3 {[%emt 0:00:04]} c5 {[%emt 0:00:45]} 7. Be2 {[%emt 0:00:31]} Nc6 {[%emt 0:00:17]} 8. O-O {[%emt 0:00:31]} h6 {[%emt 0:00:03]} 9. Bh4 {[%emt 0:00:32]} g5 {[%emt 0:00:12]} 10. Bg3 {[%emt 0:00:15]} Nh5 {[%emt 0:00:06]} 11. d5 {[%emt 0:00:47]} Nxg3 {[%emt 0:00:08]} 12. hxg3 {[%emt 0:00:05]} Ne5 {[%emt 0:00:06]} 13. Nxe5 {[%emt 0:00:06]} Bxe5 {[%emt 0:00:02]} 14. f4 {[%emt 0:00:15]} gxf4 {[%emt 0:02:55]} 15. gxf4 {[%emt 0:00:18]} Bg7 {[%emt 0:00:05]} 16. Rf3 {[%emt 0:01:15]} f5 {[%emt 0:00:40]} 17. Rg3 {[%emt 0:00:50]} Kh7 {[%emt 0:01:03]} 18. Bd3 {[%emt 0:00:32]} Bd7 {[%emt 0:00:40]} 19. Qe2 {[%emt 0:01:00]} Bxc3 {[%emt 0:02:13]} 20. bxc3 {[%emt 0:00:08]} Rg8 {[%emt 0:01:13]} 21. Rxg8 {[%emt 0:01:32]} Qxg8 {[%emt 0:00:02]} 22. e4 {[%emt 0:00:03]} Qg6 {[%emt 0:00:17]} 23. e5 {[%emt 0:00:26]} Rg8 {[%emt 0:00:15]} 24. Rb1 {[%emt 0:01:14]} b6 {[%emt 0:00:02]} 25. Rb2 {[%emt 0:00:01]} h5 {[%emt 0:00:27]} 26. Qe3 {[%emt 0:00:49]} h4 {[%emt 0:00:07]} 27. exd6 {[%emt 0:00:06]} exd6 {[%emt 0:00:03]} 28. Qe7+ {[%emt 0:00:03]} Rg7 {[%emt 0:00:08]} 29. Qxh4+ {[%emt 0:00:01]} Kg8 {[%emt 0:00:01]} 30. Re2 {[%emt 0:00:22]} Rf7 {[%emt 0:00:12]} 31. Qf2 {[%emt 0:00:15]} Qf6 {[%emt 0:00:03]} 32. Qe1 {[%emt 0:00:05]} Rg7 {[%emt 0:00:03]} 33. Rf2 {[%emt 0:00:07]} Rg3 {[%emt 0:00:06]} 34. Rf3 {[%emt 0:00:03]} Rxf3 {[%emt 0:00:04]} 35. gxf3 {[%emt 0:00:01]} Qg7+ {[%emt 0:00:09]} 36. Kf2 {[%emt 0:00:04]} Kf7 {[%emt 0:00:02]} 37. Ke2 {[%emt 0:00:12]} Qh8 {[%emt 0:00:10]} 38. Kd2 {[%emt 0:00:02]} Qh2+ {[%emt 0:00:00]} 39. Ke3 {[%emt 0:00:09]} Qh8 {[%emt 0:00:13]} 40. Qd2 {[%emt 0:00:05]} Qe8+ {[%emt 0:00:03]} 41. Kf2 {[%emt 0:00:00]} Qh8 {[%emt 0:00:01]} 42. Ke1 {[%emt 0:00:07]} Qh1+ {[%emt 0:00:01]} 43. Ke2 {[%emt 0:00:01]} Qg2+ {[%emt 0:00:03]} 44. Ke3 {[%emt 0:00:02]} Qg7 {[%emt 0:00:05]} 45. Be2 {[%emt 0:00:10]} Qf6 {[%emt 0:00:04]} 46. Kd3 {[%emt 0:00:02]} Qh4 {[%emt 0:00:11]} 47. Kc2 {[%emt 0:00:04]} Qf2 {[%emt 0:00:11]} 48. Bd1 {[%emt 0:00:13]} Qg3 {[%emt 0:00:07]} 49. Be2 {[%emt 0:00:03]} Ba4+ {[%emt 0:00:01]} 50. Kb2 {[%emt 0:00:06]} Qf2 {[%emt 0:00:03]} 51. a3 {[%emt 0:00:06]} Ke7 {[%emt 0:00:07]} 52. Qd3 {[%emt 0:00:02]} Kf6 {[%emt 0:00:09]} 53. Qd2 {[%emt 0:00:07]} a6 {[%emt 0:00:03]} 54. Qd3 {[%emt 0:00:06]} b5 {[%emt 0:00:04]} 55. cxb5 {[%emt 0:00:04]} axb5 {[%emt 0:00:07]} 56. Qd2 {[%emt 0:00:06]} Kf7 {[%emt 0:00:06]} 57. Qd3 {[%emt 0:00:03]} Kf6 {[%emt 0:00:01]} 58. Qd2 {[%emt 0:00:01]} Kf7 {[%emt 0:00:03]} 59. Qd3 {[%emt 0:00:01]} Kf6 {[%emt 0:00:00]} 60. Qd2 {[%emt 0:00:02]} b4 {[%emt 0:00:06]} 61. axb4 {[%emt 0:00:10]} cxb4 {[%emt 0:00:11]} 62. cxb4 {[%emt 0:00:02]} Bb5 {[%emt 0:00:04]} 63. Qc3+ {[%emt 0:00:05]} Kg6 {[%emt 0:00:01]} 64. Qh8 {[%emt 0:00:17]} Qxe2+ {[%emt 0:00:01]} 65. Kc1 {[%emt 0:00:02]} Qc4+ {[%emt 0:00:05]} 66. Kd2 {[%emt 0:00:08]} Qxd5+ {[%emt 0:00:04]} 67. Ke1 {[%emt 0:00:00]} Qe6+ {[%emt 0:00:03]} 68. Kd2 {[%emt 0:00:07]} Qe2+ {[%emt 0:00:02]} 69. Kc1 {[%emt 0:00:02]} Qe3+ {[%emt 0:00:02]} 70. Kb2 {[%emt 0:00:03]} Qf2+ {[%emt 0:00:09]} 71. Kc1 {[%emt 0:00:05]} Qe1+ {[%emt 0:00:07]} 72. Kc2 {[%emt 0:00:13]} Ba4+ {[%emt 0:00:07]} 73. Kb2 {[%emt 0:00:05]} Qxb4+ {[%emt 0:00:02]} 74. Kc1 {[%emt 0:00:01]} Qe1+ {[%emt 0:00:03]} 75. Kb2 {[%emt 0:00:02]} Qb4+ {[%emt 0:00:04]} 76. Ka2 {[%emt 0:00:09]} Bb3+ {[%emt 0:00:04]} 77. Kb2 {[%emt 0:00:00]} Bd5+ {[%emt 0:00:02]} 78. Ka1 {[%emt 0:00:13]} Qa3+ {[%emt 0:00:03]} 79. Kb1 {[%emt 0:00:00]} Qb4+ {[%emt 0:00:08]} 80. Ka1 {[%emt 0:00:10]} Qxf4 {[%emt 0:00:07]} 81. Qe8+ {[%emt 0:00:04]} Bf7 {[%emt 0:00:01]} 82. Qc6 {[%emt 0:00:05]} Qe5+ {[%emt 0:00:07]} 83. Kb1 {[%emt 0:00:02]} Qd5 {[%emt 0:00:04]} 84. Qc7 {[%emt 0:00:07]} Qc5 {[%emt 0:00:07]} 85. Qe7 {[%emt 0:00:03]} Qg1+ {[%emt 0:00:04]} 86. Kb2 {[%emt 0:00:05]} Qg5 {[%emt 0:00:05]} 87. Qxd6+ {[%emt 0:00:02]} Qf6+ 0-1

[Event "3rd FIDE WCCC Rapid U12 2019"]
[Site "Minsk"]
[Date "2019.08.17"]
[Round "7.3"]
[White "Chyndygyr, Tamerlan"]
[Black "Sidletskyi, Ivan"]
[Result "1-0"]
[WhiteElo "1984"]
[BlackElo "1986"]
[Annotator "NA"]
[PlyCount "101"]
[EventDate "2019.08.16"]
[EventType "swiss"]
[EventCountry "BLR"]
[SourceTitle "playchess.com"]
[Source "ChessBase"]
[SourceQuality "1"]
[TimeControl "600+5"]

1. d4 {[%emt 0:00:00]} Nf6 {[%emt 0:00:00]} 2. c4 {[%emt 0:00:00]} g6 {[%emt 0:00:00]} 3. Nc3 {[%emt 0:00:00]} Bg7 {[%emt 0:00:02]} 4. e4 {[%emt 0:00:01]} d6 {[%emt 0:00:01]} 5. Be2 {[%emt 0:00:02]} O-O {[%emt 0:00:04]} 6. Bg5 {[%emt 0:00:02]} h6 {[%emt 0:00:07]} 7. Bf4 {[%emt 0:00:01]} Nbd7 {[%emt 0:00:59]} 8. Qd2 {[%emt 0:00:02]} Kh7 {[%emt 0:00:10]} 9. Nf3 {[%emt 0:00:02]} c6 {[%emt 0:00:56]} 10. O-O {[%emt 0:00:05]} Nh5 {[%emt 0:00:16]} 11. Be3 {[%emt 0:00:03]} e5 {[%emt 0:00:07]} 12. dxe5 {[%emt 0:00:14]} dxe5 {[%emt 0:00:01]} 13. Qd6 {[%emt 0:00:11]} Re8 {[%emt 0:00:38]} 14. c5 {[%emt 0:00:21]} Bf8 {[%emt 0:00:07]} 15. Qd2 {[%emt 0:00:12]} Nhf6 {[%emt 0:00:41]} 16. Bc4 {[%emt 0:00:15]} Qe7 {[%emt 0:00:47]} 17. h3 {[%emt 0:00:04]} Nxc5 {[%emt 0:01:00]} 18. Bxc5 {[%emt 0:00:09]} Qxc5 {[%emt 0:00:01]} 19. Bxf7 {[%emt 0:00:02]} Re7 {[%emt 0:00:01]} 20. Bb3 {[%emt 0:00:19]} b5 {[%emt 0:00:18]} 21. Rfd1 {[%emt 0:00:27]} b4 {[%emt 0:00:47]} 22. Na4 {[%emt 0:00:02]} Qb5 {[%emt 0:00:28]} 23. Qe3 {[%emt 0:00:21]} Be6 24. Rac1 {[%emt 0:00:13]} Bxb3 {[%emt 0:00:42]} 25. axb3 {[%emt 0:00:04]} Rd7 {[%emt 0:00:38]} 26. Rxd7+ Nxd7 {[%emt 0:00:01]} 27. Rd1 {[%emt 0:00:05]} Rd8 {[%emt 0:00:09]} 28. Qxa7 {[%emt 0:00:04]} c5 {[%emt 0:00:42]} 29. Nxe5 {[%emt 0:00:31]} Bg7 {[%emt 0:00:22]} 30. Nxd7 {[%emt 0:00:31]} Qc6 31. Nf8+ {[%emt 0:00:15]} Rxf8 {[%emt 0:00:21]} 32. Nxc5 {[%emt 0:00:49]} Ra8 {[%emt 0:00:32]} 33. Qe7 {[%emt 0:00:06]} Re8 {[%emt 0:00:11]} 34. Qd6 {[%emt 0:00:02]} Qxd6 {[%emt 0:00:18]} 35. Rxd6 {[%emt 0:00:03]} Bxb2 {[%emt 0:00:06]} 36. f4 {[%emt 0:00:50]} Bc1 {[%emt 0:00:22]} 37. Re6 {[%emt 0:01:28]} Rd8 {[%emt 0:00:35]} 38. Re7+ {[%emt 0:00:02]} Kg8 {[%emt 0:00:03]} 39. Ne6 {[%emt 0:00:03]} Rd3 {[%emt 0:00:11]} 40. Rg7+ {[%emt 0:00:19]} Kh8 {[%emt 0:00:01]} 41. Rxg6 {[%emt 0:00:01]} Rxb3 {[%emt 0:00:04]} 42. Rxh6+ {[%emt 0:00:01]} Kg8 {[%emt 0:00:02]} 43. Rg6+ {[%emt 0:00:01]} Kf7 {[%emt 0:00:10]} 44. f5 {[%emt 0:00:02]} Rb1 {[%emt 0:00:10]} 45. Kf2 {[%emt 0:00:09]} Bb2 {[%emt 0:00:11]} 46. Ng5+ {[%emt 0:00:11]} Kf8 {[%emt 0:00:10]} 47. f6 {[%emt 0:00:27]} Bd4+ {[%emt 0:00:02]} 48. Ke2 {[%emt 0:00:01]} b3 {[%emt 0:00:05]} 49. f7 {[%emt 0:00:14]} Bg7 {[%emt 0:00:11]} 50. Rb6 {[%emt 0:00:14]} b2 {[%emt 0:00:10]} 51. Rb7 {[%emt 0:00:14]} 1-0

[Event "3rd FIDE WCCC Rapid U12 2019"]
[Site "Minsk"]
[Date "2019.08.17"]
[Round "7.4"]
[White "Dang, Anh Minh"]
[Black "Saveljev, Ivan"]
[Result "0-1"]
[WhiteElo "1891"]
[BlackElo "2040"]
[Annotator "NA"]
[PlyCount "136"]
[EventDate "2019.08.16"]
[EventType "swiss"]
[EventCountry "BLR"]
[SourceTitle "playchess.com"]
[Source "ChessBase"]
[SourceQuality "1"]
[TimeControl "600+5"]

1. d4 {[%emt 0:00:00]} Nf6 {[%emt 0:00:00]} 2. c4 {[%emt 0:00:00]} g6 {[%emt 0:00:00]} 3. g3 {[%emt 0:00:00]} d5 {[%emt 0:00:11]} 4. Bg2 {[%emt 0:00:01]} Bg7 {[%emt 0:00:02]} 5. Nf3 {[%emt 0:00:01]} O-O {[%emt 0:00:03]} 6. O-O {[%emt 0:00:02]} c6 {[%emt 0:00:12]} 7. cxd5 {[%emt 0:01:00]} cxd5 {[%emt 0:00:24]} 8. Nc3 {[%emt 0:00:01]} Nc6 {[%emt 0:00:10]} 9. Bf4 {[%emt 0:00:05]} b6 {[%emt 0:01:55]} 10. Ne5 {[%emt 0:00:21]} Bb7 {[%emt 0:00:11]} 11. Nxc6 {[%emt 0:00:13]} Bxc6 {[%emt 0:00:08]} 12. Be5 {[%emt 0:00:01]} Qd7 {[%emt 0:00:39]} 13. Qb3 {[%emt 0:01:35]} Rfd8 {[%emt 0:00:11]} 14. Rac1 {[%emt 0:00:19]} Rac8 {[%emt 0:00:07]} 15. e3 {[%emt 0:00:13]} Ne4 {[%emt 0:03:08]} 16. Nxe4 {[%emt 0:02:51]} dxe4 {[%emt 0:00:04]} 17. Bxg7 {[%emt 0:00:10]} Kxg7 {[%emt 0:00:02]} 18. Qa3 {[%emt 0:00:46]} Bd5 {[%emt 0:00:19]} 19. b3 {[%emt 0:00:22]} e6 {[%emt 0:00:24]} 20. Rfd1 {[%emt 0:00:38]} a5 {[%emt 0:01:09]} 21. Bf1 {[%emt 0:00:04]} a4 {[%emt 0:00:32]} 22. b4 {[%emt 0:02:05]} h5 {[%emt 0:01:09]} 23. b5 {[%emt 0:00:50]} h4 {[%emt 0:00:10]} 24. Qb2 {[%emt 0:00:08]} a3 {[%emt 0:00:06]} 25. Qxa3 {[%emt 0:00:11]} Ra8 {[%emt 0:00:00]} 26. Qc3 {[%emt 0:00:05]} Rdc8 {[%emt 0:00:19]} 27. Qb4 {[%emt 0:00:04]} Rxa2 28. Qe1 {[%emt 0:00:06]} hxg3 {[%emt 0:00:23]} 29. hxg3 {[%emt 0:00:02]} Raa8 30. Rxc8 {[%emt 0:00:05]} Rxc8 {[%emt 0:00:08]} 31. Rc1 {[%emt 0:00:00]} Qb7 {[%emt 0:00:17]} 32. Rc3 {[%emt 0:00:02]} Qa8 33. Qc1 {[%emt 0:00:04]} Bb7 {[%emt 0:00:12]} 34. Bg2 {[%emt 0:00:17]} Qb8 {[%emt 0:00:07]} 35. Rxc8 {[%emt 0:00:01]} Qxc8 36. Qxc8 {[%emt 0:00:01]} Bxc8 {[%emt 0:00:04]} 37. Bxe4 {[%emt 0:00:02]} Kf8 {[%emt 0:00:01]} 38. Bc6 {[%emt 0:00:03]} Ke7 {[%emt 0:00:00]} 39. Kf1 {[%emt 0:00:02]} Kd6 {[%emt 0:00:04]} 40. Ke2 {[%emt 0:00:01]} e5 {[%emt 0:00:05]} 41. dxe5+ {[%emt 0:00:04]} Kxe5 {[%emt 0:00:02]} 42. f4+ {[%emt 0:00:05]} Kd6 {[%emt 0:00:00]} 43. Kd3 {[%emt 0:00:02]} Kc5 {[%emt 0:00:03]} 44. Ke4 {[%emt 0:00:02]} f6 {[%emt 0:00:02]} 45. Kd3 {[%emt 0:00:08]} Be6 {[%emt 0:00:01]} 46. e4 {[%emt 0:00:01]} Bc4+ {[%emt 0:00:03]} 47. Ke3 {[%emt 0:00:05]} Bxb5 {[%emt 0:00:07]} 48. Bb7 {[%emt 0:00:04]} Bc4 {[%emt 0:00:13]} 49. e5 {[%emt 0:00:05]} fxe5 {[%emt 0:00:02]} 50. fxe5 {[%emt 0:00:00]} Be6 {[%emt 0:00:03]} 51. Be4 {[%emt 0:00:03]} g5 {[%emt 0:00:02]} 52. Kd3 {[%emt 0:00:13]} b5 {[%emt 0:00:01]} 53. Kc3 {[%emt 0:00:17]} b4+ {[%emt 0:00:02]} 54. Kd3 {[%emt 0:00:01]} Ba2 {[%emt 0:00:13]} 55. Bf3 {[%emt 0:00:23]} Bc4+ {[%emt 0:00:13]} 56. Kc2 {[%emt 0:00:02]} Kd4 {[%emt 0:00:02]} 57. e6 {[%emt 0:00:02]} Bxe6 {[%emt 0:00:01]} 58. Kb2 {[%emt 0:00:03]} Ke3 {[%emt 0:00:02]} 59. Bd1 {[%emt 0:00:01]} Kf2 {[%emt 0:00:02]} 60. g4 {[%emt 0:00:01]} Kg3 {[%emt 0:00:02]} 61. Be2 {[%emt 0:00:01]} Bxg4 {[%emt 0:00:02]} 62. Bc4 {[%emt 0:00:01]} Bd1 {[%emt 0:00:04]} 63. Kc1 {[%emt 0:00:01]} Ba4 {[%emt 0:00:02]} 64. Kd2 {[%emt 0:00:01]} g4 {[%emt 0:00:02]} 65. Ke3 {[%emt 0:00:01]} Bc2 {[%emt 0:00:11]} 66. Kd2 {[%emt 0:00:02]} b3 {[%emt 0:00:03]} 67. Kc3 {[%emt 0:00:10]} Kf2 {[%emt 0:00:04]} 68. Bd5 {[%emt 0:00:01]} g3 {[%emt 0:00:02]} 0-1